000 00855nam a2200229Ia 4500
003 OSt
005 20251209091841.0
008 210210b2011 xxu||||| |||| 00| 0 eng d
040 _cAL
041 _aKonkani
082 _a891.468 MACD
100 _aMachcha Milar Pseud Marsel M Dsouza
_9197648
110 _aಮಚ್ಚಾ ಮಿಲಾರ್ ಮಾರ್ಸೆಲ್ ಎ೦ ಡಿಸೋಜ
_9248330
245 _aDudva samsar
_b: ದುಡ್ವಾ ಸಂಸಾರ್
260 _aManglur
_bJenesis Prakashan
_c2011
300 _a91
650 _a Konknent arthik lekananchem prapratham pustak
_9197649
650 _a ಕೊಂಕ್ಣೆಂತ್ ಅರ್ಥಿಕ್ ಲೆಕಾನಾಂಚೆಂ ಪ್ರಪ್ರಥಮ್ ಪುಸ್ತಕ್
_9197650
690 _aKonkani Miscellaneous
_9197651
906 _a069623
942 _2ddc
_cBK
999 _c119302
_d119302